Statistics for Largest Cities In Waukesha County

Click here to take the quiz!

General Stats

  • This quiz has been taken 23 times
  • The average score is 5 of 8

Answer Stats

PopulationCity% Correct
70,718Waukesha
100%
37,920Brookfield
73%
35,626Menomonee Falls
64%
39,584New Berlin
64%
15,759Oconomowoc
55%
13,195Pewaukee
55%
10,518Sussex
55%
24,135Muskego
45%

Score Distribution

Percentile by Number Answered

Percent of People with Each Score

Your Score History

You have not taken this quiz